| 000 | 00575nam a2200205Ia 4500 | ||
|---|---|---|---|
| 001 | 2813 | ||
| 008 | 190919s 200 ii g b000 u 465 u | ||
| 082 | _a530.12 | ||
| 100 | _aBransden, B. H.. | ||
| 245 | 0 |
_aQuantum Mechanics / _cB H. Bransden and C.J. Joachain. _hTextual Documents |
|
| 250 | _a2nd ed. / | ||
| 260 |
_aSingapore : _bPearson Education , _cC 2000. |
||
| 300 |
_a803p. ; _c24cm. |
||
| 500 | _a(Same Title & Acc No)Two Book | ||
| 653 | _aPhysics | ||
| 653 | _aQuantum Mechanics | ||
| 653 | _aDeptt.-Physics | ||
| 700 | _aJoachain, C.J. . | ||
| 942 |
_2ddc _cBK |
||
| 999 |
_c2806 _d2806 |
||